Sinh hoÌ£c phân tử
TriÌ€nh baÌ€y kiêÌn thưÌc của phân ngaÌ€nh sinh hoÌ£c phân tử đươÌ£c nghiên cưÌu ở mưÌc đôÌ£ phân tử caÌc phản ưÌng sinh hoÌ£c xảy ra trong têÌ baÌ€o: hoaÌ£t đôÌ£ng tưÌ€ng gen; kiểm soaÌt sưÌ£ phiên mã, diÌ£ch mã; phản u...
Sparad:
| Huvudupphovsman: | |
|---|---|
| Materialtyp: | Bok |
| Språk: | Undetermined |
| Publicerad: |
H.
ĐaÌ£i hoÌ£c QuôÌc gia HaÌ€ NôÌ£i
2008
|
| Ämnen: | |
| Länkar: | http://lrc.tdmu.edu.vn/opac/search/detail.asp?aID=2&ID=7565 |
| Taggar: |
Lägg till en tagg
Inga taggar, Lägg till första taggen!
|
| Thư viện lưu trữ: | Trung tâm Học liệu Trường Đại học Thủ Dầu Một |
|---|
| LEADER | 01260nam a2200205Ia 4500 | ||
|---|---|---|---|
| 001 | TDMU_7565 | ||
| 008 | 210410s9999 xx 000 0 und d | ||
| 082 | |a 572.8 | ||
| 090 | |b V435 | ||
| 100 | |a Võ, ThiÌ£ Thương Lan | ||
| 245 | 0 | |a Sinh hoÌ£c phân tử | |
| 245 | 0 | |c Võ ThiÌ£ Thương Lan | |
| 260 | |a H. | ||
| 260 | |b ĐaÌ£i hoÌ£c QuôÌc gia HaÌ€ NôÌ£i | ||
| 260 | |c 2008 | ||
| 300 | |a 203tr. | ||
| 520 | |a TriÌ€nh baÌ€y kiêÌn thưÌc của phân ngaÌ€nh sinh hoÌ£c phân tử đươÌ£c nghiên cưÌu ở mưÌc đôÌ£ phân tử caÌc phản ưÌng sinh hoÌ£c xảy ra trong têÌ baÌ€o: hoaÌ£t đôÌ£ng tưÌ€ng gen; kiểm soaÌt sưÌ£ phiên mã, diÌ£ch mã; phản ưÌng sinh hoÌ£c đảm bảo hoaÌ£t đôÌ£ng sôÌng của têÌ baÌ€o, ... | ||
| 650 | |a Sinh hoÌ£c phân tử; Sinh hoÌ£c; Phân tử; Phản ưÌng sinh hoÌ£c; TêÌ baÌ€o | ||
| 856 | |u http://lrc.tdmu.edu.vn/opac/search/detail.asp?aID=2&ID=7565 | ||
| 980 | |a Trung tâm Học liệu Trường Đại học Thủ Dầu Một | ||